MARC details
| 000 -LÍDER |
| campo de controle de tamanho fixo |
01371nac a22003737a 4500 |
| 001 - NÚMERO DE CONTROLE |
| campo de controle |
BR8102866 |
| 003 - IDENTIFICADOR DO NÚMERO DE CONTROLE |
| campo de controle |
BR-BrBNA |
| 005 - DATA E HORÁRIO DA ÚLTIMA TRANSAÇÃO |
| campo de controle |
20240105114958.0 |
| 008 - CAMPO DE DADOS FIXOS--INFORMAÇÃO GERAL |
| campo de controle de tamanho fixo |
230509b bl.|||m| |||| 00| 0 por d |
| 040 ## - FONTE DA CATALOGAÇÃO |
| Instituição da catalogação original |
BR-BrBNA |
| Idioma da catalogação |
por |
| Instituição que transcreveu o registro |
Biblioteca Nacional de Agricultura |
| 072 ## - CÓDIGO DE CATEGORIA DE ASSUNTO |
| Código de Categoria de Assunto |
K50 |
| 090 ## - NÚMERO DE CHAMADA LOCAL |
| Número de chamada |
3290 BR8102866 |
| 100 1# - ENTRADA PRINCIPAL--NOME PESSOAL |
| Nome pessoal |
Melo, C.F.M. de |
| 100 1# - ENTRADA PRINCIPAL--NOME PESSOAL |
| Nome pessoal |
Wisniewski, A. |
| 100 1# - ENTRADA PRINCIPAL--NOME PESSOAL |
| Nome pessoal |
Alves, S. de M. |
| 110 1# - ENTRADA PRINCIPAL--NOME CORPORATIVO |
| Nome corporativo ou nome da jurisdição |
Centro de Pesquisa Agropecuaria do Tropico Umido, Belem, PA (Brasil) |
| 111 1# - ENTRADA PRINCIPAL--NOME DO EVENTO |
| Nome do evento ou lugar |
1. Encontro de Profissionais de Quimica da Amazonia |
| Local do evento |
Belem, PA (Brazil) |
| Data do evento ou assinatura do tratado |
1980 |
| 245 1# - TÍTULO |
| Título |
A cuiarana como materia prima papeleira [Terminalia amazonia; Arvore florestal; Celulose; Polpa; Madeira; Brasil] |
| 246 1# - FORMA VARIANTE DO TÍTULO |
| Título/título abreviado |
[The Terminalia amazonia as raw material for paper industry [Forest tree; Cellulose; Pulp; Wood; Brazil]] |
| 260 3# - PUBLICAÇÃO, DISTRIBUIÇÃO, ETC. |
| Local de publicação, distribuição, etc. |
Belem, PA (Brasil): |
| Data da publicação, distribuição, etc. |
1980. |
| 300 ## - DESCRIÇÃO FÍSICA |
| Extensão |
26 p. |
| 490 ## - TÍTULO DA SÉRIE |
| Título da série |
Boletim de Pesquisa - Centro de Pesquisa Agropecuaria do Tropico Umido (Brazil) |
| Número do volume ou designação sequencial da série |
no. 19 |
| ISSN - International Standard Serial Number |
ISSN 0100-7262 |
| 500 ## - NOTA GERAL |
| Nota geral |
18 tables; Summaries (En, Pt); 12 ref. |
| 650 ## - ASSUNTO--TERMO TÓPICO |
| Cabeçalho tópico ou nome geográfico |
Industria florestal |
| 650 ## - ASSUNTO--TERMO TÓPICO |
| Cabeçalho tópico ou nome geográfico |
Arvore florestal |
| 650 ## - ASSUNTO--TERMO TÓPICO |
| Cabeçalho tópico ou nome geográfico |
Cuiarana |
| 650 ## - ASSUNTO--TERMO TÓPICO |
| Cabeçalho tópico ou nome geográfico |
Madeira |
| 650 ## - ASSUNTO--TERMO TÓPICO |
| Cabeçalho tópico ou nome geográfico |
Papel |
| 650 ## - ASSUNTO--TERMO TÓPICO |
| Cabeçalho tópico ou nome geográfico |
Polpa |
| 650 ## - ASSUNTO--TERMO TÓPICO |
| Cabeçalho tópico ou nome geográfico |
Celulose |
| 650 ## - ASSUNTO--TERMO TÓPICO |
| Cabeçalho tópico ou nome geográfico |
Materia prima vegetal |
| 909 ## - |
| -- |
202312 |
| -- |
Lúcia Elande |
| -- |
55 |
| -- |
Lúcia Elande |
| 942 ## - ELEMENTOS DE ENTRADA ADICIONADOS (KOHA) |
| Fonte da classificação ou esquema de arquivamento na estante |
Classificação AGRIS |
| Ocultar no OPAC |
Não |
| Tipo de material Koha |
Monografia Seriada |